Loading...
| Current Events | 1 | 0.00 | 0% | 0% | 0% |
| Fine Arts - Classical Music | 1 | 10.00 | 100% | 0% | 0% |
| Fine Arts - Other Fine Arts | 2 | 15.00 | 100% | 50% | 0% |
| Geography | 2 | 20.00 | 100% | 100% | 0% |
| History - American History | 1 | 10.00 | 100% | 0% | 0% |
| History - European History | 3 | 16.67 | 100% | 33% | 33% |
| History - Other History | 5 | 16.00 | 100% | 40% | 20% |
| History - World History | 4 | 15.00 | 100% | 50% | 0% |
| Literature - American Literature | 4 | 10.00 | 75% | 25% | 0% |
| Literature - British Literature | 6 | 10.00 | 100% | 0% | 0% |
| Literature - European Literature | 3 | 10.00 | 67% | 33% | 0% |
| Literature - World Literature | 5 | 16.00 | 100% | 40% | 20% |
| Mythology | 7 | 12.86 | 100% | 29% | 0% |
| Painting/Sculpture | 4 | 15.00 | 100% | 25% | 25% |
| Philosophy | 2 | 10.00 | 100% | 0% | 0% |
| Pop Culture | 3 | 16.67 | 100% | 67% | 0% |
| Religion | 6 | 16.67 | 100% | 67% | 0% |
| Science - Biology | 5 | 16.00 | 100% | 40% | 20% |
| Science - Chemistry | 2 | 15.00 | 50% | 100% | 0% |
| Science - Other Science | 5 | 16.00 | 80% | 60% | 20% |
| Science - Physics | 3 | 10.00 | 67% | 33% | 0% |
| Social Science | 3 | 20.00 | 100% | 67% | 33% |